Kitābo-'l-adhdād, sive, liber de vocabulis arabicis quæ plures habent significationes inter se oppositas /
Main Author:
Format: eBook
Language:
English
Latin
Published:
Leiden ; Boston :
Brill,
1881.
Series:
Middle East and Islamic Studies - Book Archive pre-2000.
Subjects:
Online Access: Login to view Source
Tags: Add Tag
Call Number: PJ6591
| LEADER | 01873nam a22004338i 4500 | ||
|---|---|---|---|
| 001 | BRILL9789004599857 | ||
| 003 | nllekb | ||
| 005 | 20240625102342.0 | ||
| 006 | m d | ||
| 007 | cr un uuuua | ||
| 008 | 240531s1881 gw sb 001 0 eng d | ||
| 020 | |a 9789004599857 |q (electronic book) | ||
| 020 | |z 9789004570566 |q (print) | ||
| 024 | 7 | |a 10.1163/9789004599857 |2 DOI | |
| 040 | |a NL-LeKB |c NL-LeKB |e rda | ||
| 041 | |a lat | ||
| 050 | 4 | |a PJ6591 | |
| 072 | 7 | |a HRH |2 bicssc | |
| 072 | 7 | |a REL |x 037000 |2 bisacsh | |
| 082 | 0 | 4 | |a 492/.78 |2 23 |
| 100 | 1 | |a ibno-'l- Anbāri, Abu Bekr, |e author. | |
| 245 | 1 | 0 | |a Kitābo-'l-adhdād, sive, liber de vocabulis arabicis quæ plures habent significationes inter se oppositas / |c Abu Bekr ibno-'l- Anbāri. |
| 264 | 1 | |a Leiden ; |a Boston : |b Brill, |c 1881. | |
| 264 | 4 | |c ©1881 | |
| 336 | |a text |b txt |2 rdacontent | ||
| 337 | |a computer |b c |2 rdamedia | ||
| 338 | |a online resource |2 rdacarrier | ||
| 490 | 1 | |a Middle East and Islamic Studies - Book Archive pre-2000 | |
| 504 | |a Includes bibliographical references and index. | ||
| 505 | 0 | |t Front Matter -- Preliminary Material / |r Abu Bekr ibno-'l-Anbāri -- L. S. / |r M. Th. Houtsma -- Kitābo-'L-Adhdād Sive Liber de Vocabulis Arabicis Quae Plures Habent Significationes Inter se Oppositas / |r Abu Bekr ibno-'l-Anbāri. | |
| 546 | |a Latin | ||
| 588 | |a Description based on print version record. | ||
| 650 | 0 | |a Arabic language |x Lexicography. | |
| 650 | 0 | |a Arabic language |x Synonyms and antonyms. | |
| 776 | 0 | 8 | |i Print version: |t Kitābo-'l-adhdād, sive, liber de vocabulis arabicis quæ plures habent significationes inter se oppositas : . |d Leiden ; Boston : Brill, 1881. |z 9789004570566 |
| 830 | 0 | |a Middle East and Islamic Studies - Book Archive pre-2000. | |
| 856 | 4 | |z DOI: |u http://dx.doi.org/10.1163/9789004599857 | |
| 942 | |2 lcc |c EBOOK | ||
| 999 | |c 58605 |d 58605 | ||
